000 00508nam a2200169Ia 4500
008 100608 1978 a e | 000 0 eng d
020 _a839112068
040 _aABU,Za
050 _aRC 591
245 0 _aStatus asthmaticus/
_cEdited by Earle B Weiss
260 _aBaltimore
_bUniversity Park Press
_c1978
300 _axi,407p.:ill
504 _aInclude bibliographical reference and index
650 _aInternal medicine
700 _aWeiss, Earle B.
999 _c62656
_d62656